000 01025cab a2200301 4500
001 ABS50956
008 090401t1994 xxu||||| |||| 00| 0 eng d
035 _a(Sirsi) u2978
041 _aeng
245 _aEzekiel and Ezekiel v McDade and others
260 _c1994
350 _a0
490 _aConstruction Industry Law Letter
_v(1994) CILL 920-921(2)
520 _aORC 13 December 1993. Held that damages may be awarded, for surveyors negligence in the valuation of precast concrete houses, for worry, distress and inconvenience caused to a homeowner. The defect in the survey caused no physical damage.
650 _aBISON HOUSES
650 _aDAMAGES
650 _aLARGE PANEL PRECAST CONCRETE HOUSES
650 _aMORTGAGE VALUATIONS
650 _aNEGLIGENCE
650 _aPRC HOUSES
650 _aSURVEYORS
650 _aSYSTEM BUILDING
650 _aVALUATION REPORTS
650 _aVALUERS
690 _aMANAGEMENT-BUSINESS MANAGEMENT-PROFESSIONAL PRACTICE
942 _n0
948 _c04/03/1997
999 _c1793
_d1793